[Event "Aragon-chT Honor Gr I"]
[Site "Aragon"]
[Date "2022.01.29"]
[Round "1.19"]
[White "Guzman Moneo, Alberto"]
[Black "Orti Stock, Carlos"]
[Result "1-0"]
[WhiteElo "2196"]
[BlackElo "1803"]
[PlyCount "49"]
[EventDate "2022.01.29"]
[EventType "team-tourn"]
[EventRounds "7"]
[EventCountry "ESP"]
[SourceTitle "EXT 2024"]
[Source "ChessBase"]
[SourceDate "2023.10.10"]
[SourceVersion "1"]
[SourceVersionDate "2023.10.10"]
[SourceQuality "1"]
[WhiteTeam "Helios"]
[BlackTeam "Utebo San Lamberto"]
[WhiteTeamCountry "ESP"]
[BlackTeamCountry "ESP"]

1. d4 e6 2. e4 b6 3. Bd3 Bb7 4. Nf3 c5 5. c3 cxd4 6. cxd4 Bb4+ 7. Nc3 Nf6 8. Qe2 h6 9. 0-0 Bxc3 10. bxc3 0-0 11. e5 Nh7 12. Ba3 Re8 13. Nd2 d5 14. f4 Qc8 15. c4 Nc6 16. cxd5 exd5 17. Rac1 Qd7 18. Nf3 Nf8 19. f5 Rac8 20. Qe3 Qd8 21. Qf4 Na5 22. Bxf8 Rxf8 23. f6 Rxc1 24. Rxc1 Bc8 25. Qg3 1-0

[Event "Aragon-ch Seniors 65+"]
[Site "Zaragoza"]
[Date "2018.05.12"]
[Round "4"]
[White "Orti Stock, Carlos"]
[Black "Edeso Perez, Francisco"]
[Result "1/2-1/2"]
[WhiteElo "1853"]
[BlackElo "1834"]
[PlyCount "37"]
[EventDate "2018.04.21"]
[EventType "swiss"]
[EventRounds "8"]
[EventCountry "ESP"]
[SourceTitle "EXT 2020"]
[Source "ChessBase"]
[SourceDate "2019.10.17"]
[SourceVersion "1"]
[SourceVersionDate "2019.10.17"]
[SourceQuality "1"]

1. b3 Nf6 2. Bb2 e6 3. e3 d5 4. f4 Be7 5. Nf3 c5 6. Bb5+ Bd7 7. Qe2 0-0 8. 0-0 Bxb5 9. Qxb5 Qc7 10. Qe2 Nc6 11. d3 b5 12. Ne5 a5 13. Nd2 d4 14. Nxc6 Qxc6 15. exd4 cxd4 16. Nf3 Nd5 17. Ne5 Nc3 18. Nxc6 Nxe2+ 19. Kf2 1/2-1/2